[Event "Biel MTO"]
[Site "Biel"]
[Date "1999.07.28"]
[Round "9"]
[White "Greenfeld, Alon"]
[Black "Jenni, Florian"]
[Result "1-0"]
[WhiteElo "2538"]
[BlackElo "2399"]

1.d4 Nf6 2.Nf3 g6 3.c4 Bg7 4.g3 O-O 5.Bg2 d6 6.O-O Nc6 7.Nc3 a6 8.h3 Rb8
9.e4 b5 10.e5 dxe5 11.dxe5 Qxd1 12.Rxd1 Nd7 13.e6 fxe6 14.cxb5 axb5 15.Bf4 e5
16.Be3 Nf6 17.Rac1 Bd7 18.Ne4 Rbd8 19.Nc5 Bc8 20.Rxd8 Rxd8 21.Bf1 Nd5 22.Bxb5 Nd4
23.Bxd4 exd4 24.Bc4 c6 25.Nb3 e5 26.Na5 Bd7 27.Bb3 h6 28.Rxc6 Bxh3 29.Rc5 Be6
30.Nc6 Rd6 31.Bxd5 Bxd5 32.Ne7+ Kf7 33.Nxd5 e4 34.Nd2 e3 35.fxe3 dxe3 36.Nc4 Re6
37.Ndxe3 Bxb2 38.Rd5 Bc3 39.Rd7+ Ke8 40.Rd6 Rxd6 41.Nxd6+ Kd7 42.Ndc4 h5
43.Kf2 g5 44.Kf3 Kc6 45.Na3 Be5 46.Nac4 Bc7 47.Nd2 Kb5 48.Ne4 Bd8 49.Ke2 Kb4
50.Kd3 Ka3 51.Nc4+ Kb4 52.a3+ Kb5 53.Kc3 Ka4 54.Kc2 Kb5 55.Kb3 Kc6 56.Ne3 Bc7
57.Kc4 h4 58.g4 h3 59.Nf1 Bf4 60.a4 Kb6 61.Kb4 Ka6 62.Nf2 h2 63.Kb3 Ka5 64.Nxh2  1-0

[Event "Budapest  Agro GM"]
[Site "Budapest"]
[Date "1999.07.31"]
[Round "2"]
[White "Ruck, Robert"]
[Black "Gross, David"]
[Result "1/2-1/2"]
[WhiteElo "2485"]
[BlackElo "2465"]

1.d4 Nf6 2.c4 g6 3.Nf3 Bg7 4.g3 O-O 5.Bg2 d6 6.Nc3 c6 7.O-O Qa5 8.h3 Be6
9.Qd3 Qa6 10.b3 d5 11.Ne5 Rd8 12.Rd1 dxc4 13.Nxc4 Nbd7 14.e3 b5 15.Nd2 Rac8
16.a4 Qa5 17.b4 Qb6 18.axb5 cxb5 19.Nxb5 a6 20.Na3 Qxb4 21.Qxa6 Nd5 22.Qb5 Nc5
23.Rb1 Qxb5 24.Nxb5 Na4 25.Ra1 Nac3 26.Nxc3 Rxc3 27.Ba3 Rc2 28.Ne4 Bh6 29.Re1 f5
30.Nc5 Bf7 31.Nd3 Bg7 32.Rec1 Rd2 33.Rd1 Rxd1+ 34.Rxd1 Nc3 35.Re1 Bc4 36.Nc5 e5
37.dxe5 Bxe5 38.Bb4 Ne2+ 39.Kh2 Rb8 40.Nd7 Rxb4 41.Nxe5 Bb5 42.Ra1 Rb2 43.g4 f4
44.Ra8+ Kg7 45.g5 Nc3 46.Ra7+ Kg8 47.exf4 Rxf2 48.Kg3 Rd2 49.Bf3 Be2 50.Rc7 Bxf3
51.Rc8+ Kg7 52.Rc7+ Kg8 53.Rxc3 Be4 54.Rc8+ Kg7 55.Rc7+ Kh8 56.Nf7+ Kg8 57.Nh6+ Kf8
58.Rxh7 Rd3+ 59.Kg4 Bg2 60.Rf7+ Ke8 61.Rf6 Bxh3+ 62.Kh4 Bd7 63.f5 Rd4+ 64.Kg3 Bxf5
65.Nxf5 gxf5 66.Rxf5 Ke7 67.Kh3 Ra4 68.g6 Ra6 69.Rg5 Kf8 70.Kg4 Kg7  1/2-1/2

[Event "Hotel Agro IM B"]
[Site "Budapest"]
[Date "1999.07.31"]
[Round "2"]
[White "Tatai, Stefano"]
[Black "Schumi, Manfred"]
[Result "1-0"]
[WhiteElo "2357"]
[BlackElo "2241"]

1.d4 Nf6 2.c4 g6 3.Nf3 Bg7 4.g3 O-O 5.Bg2 d6 6.O-O Nbd7 7.Nc3 e5 8.e4 a6
9.Qc2 exd4 10.Nxd4 Ne5 11.b3 Re8 12.Bb2 Rb8 13.a4 c5 14.Nde2 Bd7 15.Rad1 b5
16.axb5 axb5 17.Nxb5 Bxb5 18.cxb5 Rxb5 19.Bxe5 Rxe5 20.Nc3 Rb8 21.f4 Re7
22.e5 Ne8 23.Bd5 Qb6 24.Bc4 dxe5 25.Nd5 Qb7 26.Nxe7+ Qxe7 27.fxe5 Kh8 28.Rxf7 Qxe5
29.Rdd7 Ra8 30.Qf2 Qa1+ 31.Kg2 Ra2 32.Be2 Nf6 33.Rxg7 Nxd7 34.Rxd7  1-0

[Event "Scandic Hotels CC"]
[Site "Stockholm"]
[Date "1999.08.01"]
[Round "2"]
[White "Engqvist, Thomas"]
[Black "Kallio, Heikki"]
[Result "1/2-1/2"]
[WhiteElo "2340"]
[BlackElo "2360"]

1.c4 g6 2.d4 Bg7 3.Nf3 Nf6 4.g3 O-O 5.Bg2 d6 6.O-O Nc6 7.Nc3 a6 8.h3 Rb8
9.Be3 b5 10.Nd2 Bb7 11.d5 Na5 12.cxb5 axb5 13.b4 Nc4 14.Nxc4 bxc4 15.a4 e6
16.Rb1 Qd7 17.b5  1/2-1/2

[Event "MK Cafe Cup-B"]
[Site "Koszalin"]
[Date "1999.08.03"]
[Round "1"]
[White "Neverov, Valeriy"]
[Black "Leskiewicz, Maksymilian"]
[Result "1-0"]
[WhiteElo "2549"]
[BlackElo "2206"]

1.d4 Nf6 2.Nf3 g6 3.c4 Bg7 4.g3 O-O 5.Bg2 d6 6.O-O Nbd7 7.Qc2 c6 8.Nc3 e5
9.Rd1 Qe7 10.e4 a5 11.b3 exd4 12.Nxd4 Nc5 13.Ba3 Re8 14.Re1 Nd5 15.Nxc6 bxc6
16.cxd5 Qe5 17.Rac1 Ba6 18.Red1 cxd5 19.Nxd5 Rac8 20.Nb6 Nd3 21.Nxc8 Nxc1
22.Nxd6 Ne2+ 23.Kh1 Nc3 24.Nxe8 Nxd1 25.Nxg7 Qa1 26.h3 Ne3+ 27.Qc1 Qxc1+
28.Bxc1 Nxg2 29.Ne8 Ne1 30.Bd2 Nd3 31.Kg2 a4 32.bxa4 Nc5 33.Nf6+ Kg7 34.Bc3 Nxa4
35.Bd4 h6 36.f4 Kf8 37.g4 Bb7 38.Kf3 Ke7 39.Ng8+ Ke6 40.Nxh6 f5  1-0

[Event "Mala mem op"]
[Site "Griesheim"]
[Date "1999.08.06"]
[Round "3"]
[White "Reschke, Stefan"]
[Black "Hupprich, Thorsten"]
[Result "1-0"]
[WhiteElo "2341"]
[BlackElo "2120"]

1.c4 Nf6 2.Nf3 g6 3.d4 Bg7 4.g3 O-O 5.Bg2 d6 6.Nc3 Nbd7 7.O-O e5 8.e4 c6
9.h3 exd4 10.Nxd4 Re8 11.Bf4 Nc5 12.Re1 Nh5 13.Be3 a5 14.Qc2 a4 15.Rab1 Qa5
16.b4 axb3 17.axb3 Ne6 18.Nde2 Be5 19.Red1 Qb4 20.Na4 Nc5 21.Bd2 Qa3 22.Nb6 Qa2
23.Qxa2 Rxa2 24.b4 Na4 25.Nxa4 Rxa4 26.Be3 Be6 27.Rdc1 Rea8 28.g4 Ng7 29.f4 Ra2
30.Bf1 R8a3 31.Bf2 Rxe2 32.fxe5 Rxe4 33.exd6 h5 34.gxh5 Nxh5 35.Ra1 Rb3 36.Re1 Nf6
37.b5 cxb5 38.c5 Rbb4 39.Bg2 Rf4 40.Rxe6 fxe6 41.Bxb7 Rb2 42.Be3 Rc4 43.c6  1-0

[Event "MK Cafe Cup-B"]
[Site "Koszalin"]
[Date "1999.08.06"]
[Round "4"]
[White "Kaczorowska, Barbara"]
[Black "Tirard, Hugo"]
[Result "0-1"]
[WhiteElo "2210"]
[BlackElo "2331"]

1.d4 Nf6 2.Nf3 g6 3.c4 Bg7 4.g3 O-O 5.Bg2 d6 6.Nc3 Nc6 7.O-O Rb8 8.h3 a6
9.e4 b5 10.e5 Nd7 11.cxb5 axb5 12.Ng5 Nxd4 13.Qxd4 Nxe5 14.Qh4 h6 15.Nf3 Nxf3+
16.Bxf3 e6 17.Qb4 c5 18.Qb3 b4 19.Ne4 c4 20.Qxc4 d5 21.Qb3 dxe4 22.Bxe4 Qa5
23.Rd1 Rd8 24.Be3 Bd7 25.Rab1 Kh7 26.Qc2 Qxa2 27.Qc7 f5 28.Rxd7 Rxd7 29.Qxd7 fxe4
30.Rd1 e5 31.Rd6 Ra8 32.Bxh6 Kxh6 33.Qg4 Kh7 34.Qxg6+ Kh8 35.Rd7 Qg8 36.Qh5+ Qh7
37.Qg4 Rf8 38.Rb7 e3 39.f4 exf4 40.gxf4 e2  0-1

[Event "MK Cafe Cup-A"]
[Site "Koszalin"]
[Date "1999.08.07"]
[Round "5"]
[White "Urban, Klaudiusz"]
[Black "Pedzich, Dominik"]
[Result "1-0"]
[WhiteElo "2463"]
[BlackElo "2428"]

1.d4 Nf6 2.c4 g6 3.Nf3 Bg7 4.g3 O-O 5.Bg2 d6 6.O-O Nc6 7.Nc3 a6 8.b3 Bf5
9.Bb2 Qd7 10.Re1 Ne4 11.Nd5 g5 12.Nd2 Nxd2 13.Qxd2 h6 14.f4 e6 15.Ne3 Bg6
16.d5 Nd8 17.Bxg7 Kxg7 18.Qc3+ f6 19.dxe6 Qxe6 20.Nd5 Rc8 21.e4 Bh7 22.e5 dxe5
23.fxe5 f5 24.Nf6 Nc6 25.Bd5 Qe7 26.Nd7 Rfd8 27.e6+ Kg6 28.Bxc6 bxc6 29.Ne5+ Kh5
30.Qf3+ g4 31.Nxg4 fxg4 32.Re5+ Qg5 33.Rxg5+ hxg5 34.Qxc6 Rd6  1-0

[Event "MK Cafe Cup-B"]
[Site "Koszalin"]
[Date "1999.08.07"]
[Round "5"]
[White "Bator, Robert"]
[Black "Cherkasov, Nikolai"]
[Result "1-0"]
[WhiteElo "2431"]
[BlackElo "2324"]

1.d4 Nf6 2.Nf3 g6 3.g3 Bg7 4.Bg2 O-O 5.c4 d6 6.O-O Nbd7 7.Nc3 e5 8.e4 exd4
9.Nxd4 Re8 10.Re1 Nc5 11.h3 Bd7 12.Bf4 h6 13.g4 Nh7 14.Qd2 Be5 15.Be3 Ne6
16.Nxe6 Bxe6 17.f4 Bg7 18.Bd4 g5 19.Bxg7 Kxg7 20.f5 Bd7 21.c5 Bc6 22.Rad1 Re5
23.cxd6 cxd6 24.Qxd6 Qxd6 25.Rxd6 Rae8 26.Rd4 Nf6 27.Kf2 h5 28.Bf3 hxg4 29.hxg4 Rh8
30.Kg3 Rhe8 31.Bg2 R8e7 32.Kf3 Re8 33.Bf1 Rh8 34.Nd1 Rh1 35.Nf2 Rg1 36.Rdd1 Nd7
37.Bd3 Rxe1 38.Rxe1 Rc5 39.Ke3 Ra5 40.a3 Ne5 41.Rc1 Kf6 42.Rc3 Ra4 43.Rc5 Nd7
44.Rc4 Ra5 45.Rc3 Re5 46.b4 Ke7 47.Kd4 Kd6 48.Nd1 b5 49.Nf2 Re8 50.Rc1 Ne5
51.Be2 f6 52.Rh1 Kc7 53.Rh6 Rd8+ 54.Kc3 Rd6 55.Nd3 Nc4 56.a4 Bxe4 57.Nc5 Bd5
58.Rh7+ Kb8 59.axb5 Ne5 60.Na6+ Kc8 61.Rc7+ Kd8 62.Rxa7 Nd7 63.Nc5 Nb6 64.Rh7 Kc8
65.Rg7 Kd8 66.Nb7+ Bxb7 67.Rxb7 Kc8 68.Rf7 Rd7 69.Rf8+ Kc7 70.Bf3 Rh7 71.Bc6 Rh6
72.Kd4 Rh4 73.Rf7+ Kd6 74.Rxf6+ Kc7 75.Bf3 Nd7 76.b6+ Kd8 77.b7 Rh2 78.Rf8+  1-0

[Event "BCF-ch 86th"]
[Site "Scarborough"]
[Date "1999.08.07"]
[Round "7"]
[White "Pert, Nicholas"]
[Black "Walker, David"]
[Result "1-0"]
[WhiteElo "2425"]
[BlackElo "2280"]

1.d4 g6 2.g3 Bg7 3.Bg2 d6 4.c4 Nf6 5.Nf3 O-O 6.O-O c6 7.Nc3 Qa5 8.e4 Bg4
9.h3 Bxf3 10.Qxf3 Nfd7 11.Rd1 Qb4 12.b3 Qa5 13.Bd2 Bxd4 14.Nb5 Qb6 15.Nxd4 Qxd4
16.Bh6 Qb2 17.Rab1 Qe5 18.Bxf8 Nxf8 19.Qe3 Nbd7 20.f4 Qa5 21.Rb2 Qb6 22.Re2 Qxe3+
23.Rxe3 a5 24.h4 f6 25.e5 dxe5 26.Bh3 f5 27.fxe5 e6 28.g4 Re8 29.Kf2 Nc5
30.Kf3 h6 31.h5 Ne4 32.hxg6 Ng5+ 33.Kg3 Nxg6 34.gxf5 exf5 35.Bxf5 Rxe5 36.Rd8+ Kg7
37.Rxe5 Nxe5 38.Rb8 Kf6 39.Bc2 a4 40.Rxb7 axb3 41.Bxb3 Ne4+ 42.Kf4 Nd2 43.Rh7 Nf7
44.Ba4 Nxc4 45.Rxf7+  1-0

[Event "MK Cafe Cup-A"]
[Site "Koszalin"]
[Date "1999.08.08"]
[Round "6"]
[White "Sapis, Witalis"]
[Black "Stryjecki, Marek"]
[Result "1/2-1/2"]
[WhiteElo "2429"]
[BlackElo "2448"]

1.d4 g6 2.c4 Bg7 3.Nf3 d6 4.g3 Nf6 5.Bg2 O-O 6.O-O Nc6 7.Nc3 a6 8.b3 Rb8
9.Bb2 b5 10.cxb5 axb5 11.Rc1 b4 12.Na4 Na7 13.Qc2 c6 14.Ne1 Ba6 15.Nd3 Qa5
16.Rfd1 Rfc8 17.Qd2 Bb5 18.a3 Bxd3 19.Qxd3 bxa3 20.Bxa3 Qb5 21.Rb1 Qxd3 22.Rxd3 Nd5
23.e3 Nb5 24.Bb2 Kf8 25.Kf1 Ke8 26.Ke2 Kd7 27.Kd1 e6 28.Rd2 f5 29.Bf3 Bf6
30.Bxd5 exd5 31.Nc3 Nc7 32.Kc2 Rb7 33.Ra1 Rcb8 34.Ra3 Ne6 35.Rd1 g5 36.Rda1 f4
37.Ra7 fxe3 38.fxe3 g4 39.Rxb7+ Rxb7 40.Rf1 Ke7 41.Ba3 Bg5 42.Re1 Rb8 43.b4 Rf8
44.b5 Rf2+ 45.Kd3 cxb5 46.Rb1 Nxd4 47.Nxd5+ Ke6 48.exd4 Rf3+  1/2-1/2

[Event "Petermaennchen GM"]
[Site "Schwerin"]
[Date "1999.08.09"]
[Round "1"]
[White "Petrosian, Arshak B"]
[Black "Kalinin, Oleg"]
[Result "1-0"]
[WhiteElo "2514"]
[BlackElo "2432"]

1.Nf3 g6 2.d4 Bg7 3.g3 Nf6 4.c4 d6 5.Bg2 O-O 6.Nc3 c6 7.O-O Qa5 8.e4 e5 9.h3 Nbd7
10.Be3 Qb4 11.Qe2 exd4 12.a3 Qa5 13.Nxd4 Re8 14.Rfd1 a6 15.b4 Qc7 16.Rac1 Bf8
17.Nb3 b6 18.g4 Bb7 19.g5 Nh5 20.Nd4 Qd8 21.Nf5 Re6 22.c5 bxc5 23.bxc5 dxc5
24.Bf3 gxf5 25.Bxh5 Qe8 26.exf5 Re5 27.Rb1 Bc8 28.Qf3 Rb8 29.Rxb8 Nxb8 30.Bf4 Rxf5
31.Bg4 Rxf4 32.Qxf4 Bxg4 33.Qxg4  1-0

[Event "MK Cafe Cup-B"]
[Site "Koszalin"]
[Date "1999.08.10"]
[Round "7"]
[White "Sokolowski, Roman"]
[Black "Nekrasova, Elena"]
[Result "1-0"]
[WhiteElo "2255"]
[BlackElo "2166"]

1.Nf3 Nf6 2.g3 g6 3.Bg2 Bg7 4.d4 O-O 5.c4 d6 6.Nc3 Nbd7 7.O-O e5 8.e4 exd4
9.Nxd4 Re8 10.h3 Nc5 11.Re1 c6 12.Bf4 Nh5 13.Be3 Nf6 14.Qc2 a5 15.Rad1 Nfd7
16.f4 Qb6 17.Bf2 Qb4 18.Bf1 a4 19.Rb1 a3 20.b3 Na6 21.Rbd1 Ndc5 22.Bg2 Qa5
23.Re3 Nb4 24.Qb1 Bd7 25.g4 Rad8 26.Nde2 Bc8 27.g5 d5 28.cxd5 cxd5 29.Nxd5 Nxd5
30.Rxd5 Rxd5 31.exd5 Rxe3 32.Bxe3 Bf5 33.Qd1 Nxb3 34.Ng3 Qc3 35.Nxf5 gxf5
36.Bf2 Nd4 37.d6 Kf8 38.Qa4 Qc1+ 39.Bf1 Ne2+ 40.Kg2 Nxf4+ 41.Kf3 Be5 42.d7 Ne6
43.Bd3 Qc3 44.Ke2 Ke7 45.Bb5 f4 46.Be1 Nd4+ 47.Kf1 Qxh3+ 48.Kg1 Qg4+ 49.Kf1 Qh3+
50.Kg1 Nf3+ 51.Kf2 Qg3+ 52.Ke2 Qxe1+ 53.Kxf3 Qe3+ 54.Kg4 Qg1+  1-0

[Event "BCF-ch 86th"]
[Site "Scarborough"]
[Date "1999.08.11"]
[Round "10"]
[White "Arkell, Keith C"]
[Black "Ledger, David"]
[Result "0-1"]
[WhiteElo "2462"]
[BlackElo "2240"]

1.Nf3 Nf6 2.d4 g6 3.c4 Bg7 4.g3 O-O 5.Bg2 d6 6.O-O c6 7.Nc3 Qa5 8.e4 Bg4
9.h3 Bxf3 10.Bxf3 Nbd7 11.Be3 c5 12.d5 Qb4 13.Qb3 Nb6 14.Be2 a5 15.Rab1 a4
16.Qxb4 cxb4 17.Bxb6 bxc3 18.Bd3 cxb2 19.Rxb2 Nxd5 20.Rbb1 Nc3 21.Ra1 a3
22.Be3 Rfc8 23.Bd2 Na4 24.Rac1 Nb2 25.Be2 Ra4 26.Bg5 Kf8 27.Rb1 b6 28.Rfc1 Nxc4
29.Bd1 Raa8 30.Rb4 Nb2 31.Rxc8+ Rxc8 32.Bb3 Rb8 33.Be3 b5 34.Bd5 Bc3 35.Ba7 Bxb4
36.Bxb8 Bc5 37.Kf1 Nd3 38.Ke2 Nb4 39.Bc7 e6 40.Bb3 Nc6 41.Bd1 b4 42.Kd2 Ke7
43.e5 Nxe5 44.f4 Nc6 45.Ba4 b3  0-1

[Event "CRA-ch"]
[Site "Antiguo"]
[Date "1999.08.12"]
[Round "10"]
[White "Valdes, Leonardo"]
[Black "Granados, C."]
[Result "1-0"]
[WhiteElo "2263"]
[BlackElo "2271"]

1.Nf3 g6 2.g3 Bg7 3.d4 Nf6 4.c4 O-O 5.Bg2 d6 6.O-O Nbd7 7.Qc2 e5 8.Rd1 Qe7
9.Nc3 c6 10.e4 Nb6 11.dxe5 dxe5 12.b3 Bg4 13.a4 Rfd8 14.Rxd8+ Rxd8 15.Ne1 Qe6
16.Be3 Ra8 17.c5 Nbd7 18.Bf1 Qe7 19.f3 Be6 20.Nd1 Nh5 21.b4 Kh8 22.b5 f5
23.a5 Rc8 24.a6 bxa6 25.Rxa6 Nb8 26.Ra5 cxb5 27.Bxb5 f4 28.Bf2 fxg3 29.hxg3 Qg5
30.Kh2 Rd8 31.Nd3 Nxg3 32.Bxg3 Qh5+ 33.Kg2 a6 34.Ba4 Qh3+ 35.Kf2 Qh1 36.Ne3 Nd7
37.Rxa6 Qh3 38.Bxd7 Bxd7 39.Rd6 Rf8 40.Nxe5 Bb5 41.Qb3 Be8 42.Rd8 h5 43.Rxe8  1-0

[Event "Vlissingen HZ op"]
[Site "Vlissingen"]
[Date "1999.08.15"]
[Round "7"]
[White "Bagaturov, Giorgi"]
[Black "Haak, Eelco"]
[Result "1-0"]
[WhiteElo "2532"]
[BlackElo "2211"]

1.d4 Nf6 2.c4 g6 3.Nf3 Bg7 4.g3 O-O 5.Bg2 d6 6.Nc3 c6 7.O-O a6 8.e4 b5 9.Qe2 bxc4
10.Qxc4 Nxe4 11.Nxe4 d5 12.Qe2 dxe4 13.Qxe4 Be6 14.Bg5 Re8 15.Rfe1 Ra7 16.Qc2 Rb7
17.b3 Bd5 18.Rad1 Bxf3 19.Bxf3 Rd7 20.Bf4 Bxd4 21.Be5 Bxe5 22.Rxe5 Rxd1+
23.Bxd1 Qd6 24.Rc5 e5 25.Be2 Re6 26.Rc4 Re7 27.Qe4 f5 28.Qe3 Rb7 29.Rc1 Kg7
30.Rd1 Qe7 31.Bc4 Qc7 32.Re1 Nd7 33.f4 e4 34.Rd1 Nf6 35.Qc3 Qb6+ 36.Kg2 Qc5
37.Rd8 Re7 38.Rg8+ Kh6 39.Qxf6  1-0

[Event "Presov"]
[Site "Presov"]
[Date "1999.08.17"]
[Round "4"]
[White "Stohl, Igor"]
[Black "Mrva, Martin"]
[Result "1-0"]
[WhiteElo "2600"]
[BlackElo "2441"]

1.Nf3 Nf6 2.c4 g6 3.d4 Bg7 4.g3 O-O 5.Bg2 d6 6.Nc3 Bg4 7.Qb3 Qc8 8.Ne5 dxe5
9.Bxb7 Qf5 10.dxe5 Nfd7 11.Bxa8 c6 12.f4 Nc5 13.Qa3 Ne4 14.h3 Nxc3 15.hxg4 Qe4
16.Rh2 Qd4 17.Kf1 Qd1+ 18.Kg2 Qxe2+ 19.Kg1 Qd1+ 20.Kg2 Rd8 21.Qxa7 Ne4 22.Qg1 Qxg4
23.Qe1 Rd3 24.Be3 Qd7 25.Qe2 h5 26.Rhh1 h4 27.Rhd1 Rxd1 28.Rxd1 Qc8 29.gxh4 f5
30.exf6 Nxf6 31.Qf3 Kf7 32.Ba7 Na6 33.Bxc6 Nb4 34.Bb7 Qf5 35.Bf2 Qc2 36.Qb3 Qe2
37.Bf3 Qe6 38.Qxb4 Ne4 39.Qe1  1-0

[Event "Ikaros op"]
[Site "Ikaros"]
[Date "1999.08.19"]
[Round "6"]
[White "Soultatis, Konstantinos"]
[Black "Kofidis, Andreas"]
[Result "0-1"]
[WhiteElo "2157"]
[BlackElo "2383"]

1.d4 Nf6 2.c4 g6 3.Nf3 Bg7 4.g3 O-O 5.Bg2 d6 6.O-O Nbd7 7.Nc3 e5 8.e4 exd4
9.Nxd4 Nc5 10.h3 Re8 11.Re1 a5 12.Qc2 Nfd7 13.Be3 c6 14.b3 Nf8 15.Rab1 Nfe6
16.Red1 Qe7 17.Qd2 Bf8 18.f4 Nc7 19.Re1 Bg7 20.Rbd1 N7a6 21.Bf2 Nb4 22.Bf1 h5
23.a3 Bxd4 24.Bxd4 Nxb3 25.Qf2 Nxd4 26.Rxd4 Na6 27.Red1 d5 28.Qb2 dxc4 29.Rxc4 Be6
30.Rcd4 Nc5 31.Kh2 Rad8 32.Qb6 Rxd4 33.Rxd4 Nb3 34.Rd1 Qxa3 35.Qxb7 Qb2+
36.Ne2 Qc2 37.Rd6 c5 38.Qc6 Kf8 39.Kg1 Nd2 40.Kf2 Nxe4+  0-1

[Event "ESP-ch"]
[Site "Palencia"]
[Date "1999.08.20"]
[Round "2"]
[White "Rubio Mancebon, Pedro J"]
[Black "Garcia Garcia, Ruben"]
[Result "0-1"]
[WhiteElo "2005"]
[BlackElo "2193"]

1.d4 Nf6 2.Nf3 g6 3.c4 Bg7 4.g3 O-O 5.Bg2 d6 6.O-O Nc6 7.Nc3 a6 8.d5 Na5
9.Nd2 c5 10.Rb1 Rb8 11.b3 b5 12.Bb2 bxc4 13.bxc4 Ng4 14.Qc2 Ne5 15.Nd1 Bd7
16.Ne3 Rb4 17.f4 Rxb2 18.Rxb2 Ng4 19.Nxg4 Bxg4 20.Rbb1 Bxe2 21.Rfe1 Bg4 22.Bf3 Bf5
23.Be4 Bd7 24.h4 e6 25.Bd3 Bd4+ 26.Kg2 exd5 27.cxd5 Bc8 28.h5 Qd7 29.Rh1 Bb7
30.Be4 f5 31.Bf3 Qf7 32.hxg6 hxg6 33.Nb3 Bxd5 34.Nxd4 cxd4 35.Bxd5 Qxd5+
36.Kg1 Nc4 37.Qh2 Kg7 38.Qh7+ Kf6 39.Rh6 Qf7 40.Qxf7+ Rxf7 41.Rd1 Rb7 42.Rxd4 Rb1+
43.Kf2 Rb2+ 44.Ke1 Kg7 45.Rh3 Rc2 46.a4 a5 47.Rd5 Ra2 48.Rb5 Rxa4 49.Rb7+ Kf6
50.Ke2 Ra3 51.Kf2 Nd2 52.Rhh7 Ne4+ 53.Ke1 Rxg3 54.Ke2 Ke6 55.Rhe7+ Kd5 56.Rb5+ Kd4
57.Rxa5 Re3+ 58.Kd1 Nf2+  0-1

[Event "FRA-ch qual"]
[Site "Bescanon"]
[Date "1999.08.21"]
[Round "4"]
[White "Salaun, Yann"]
[Black "Pelle, Guillaume"]
[Result "1-0"]
[WhiteElo "2352"]
[BlackElo "2255"]

1.Nf3 Nf6 2.c4 g6 3.g3 Bg7 4.d4 O-O 5.Bg2 d6 6.O-O Nbd7 7.Nc3 e5 8.h3 c6
9.d5 cxd5 10.cxd5 Kh8 11.e4 Ng8 12.Bd2 a6 13.Rc1 b5 14.Qc2 Nb6 15.b3 Bd7
16.Nd1 Rc8 17.Qb1 Rxc1 18.Qxc1 Qc8 19.Qa3 Bxh3 20.Qxd6 Bxg2 21.Kxg2 Qb8 22.Qxb8 Rxb8
23.Nb2 f5 24.Ng5 Nf6 25.exf5 Nbxd5 26.fxg6 hxg6 27.Nd3 e4 28.Ne5 Ne7 29.Rc1 Kg8
30.Nc6 Re8 31.Nxe7+ Rxe7 32.Rc8+ Ne8 33.Rc6 Bf6 34.Rxa6 Re5 35.Re6 Rxe6 36.Nxe6 Kf7
37.Nc5 Nd6 38.Bf4 Nf5 39.Nxe4 Bd4 40.g4 Ne7 41.Nd6+ Ke6 42.Nxb5 Bb2 43.Kf3 Kd5
44.Nc7+ Kd4 45.Bg5 Ng8 46.Ne6+ Kc3 47.a4 Kxb3 48.a5 Be5 49.a6 Bb8 50.Nd4+ Kc4
51.Nc6 Kc5 52.Nxb8 Kb6 53.Ke4 Kc7 54.Nd7 Kc6 55.Ke5 Nf6 56.Kxf6  1-0

[Event "Abu Dhabi Masters op"]
[Site "Abu Dhabi"]
[Date "1999.08.22"]
[Round "2"]
[White "Irzhanov, Ruslan"]
[Black "Roeder, Mathias"]
[Result "1-0"]
[WhiteElo "2536"]
[BlackElo "2426"]

1.d4 Nf6 2.c4 g6 3.Nf3 Bg7 4.g3 O-O 5.Bg2 d6 6.O-O a6 7.Nc3 Nc6 8.Nd5 Bg4
9.Ne3 Bxf3 10.Bxf3 Nd7 11.d5 Nd4 12.Bg2 c5 13.dxc6 bxc6 14.Bd2 Rb8 15.Rb1 c5
16.Nd5 Ne5 17.e3 Ndc6 18.b3 e6 19.Nc3 Qc7 20.f4 Nd7 21.Qf3 Ne7 22.Rbd1 Nb6
23.e4 Nc6 24.Ne2 Nd4 25.Nxd4 Bxd4+ 26.Be3 e5 27.f5 f6 28.h4 Qg7 29.Bh3 Kh8
30.Kg2 Nd7 31.fxg6 hxg6 32.Bc1 Rbe8 33.h5 g5 34.h6 Qh7 35.Rde1 a5 36.a4 Qe7
37.Qh5 Nb8 38.Rf3 Rg8 39.Ref1 Ref8 40.Bf5 Nc6 41.Bg6 g4 42.Qxg4 Nd8 43.h7 Rg7
44.Bh6 Ne6 45.Bxg7+ Qxg7 46.Qxe6 Qxg6 47.Qxd6  1-0

[Event "BIH-chT"]
[Site "Bihac"]
[Date "1999.08.22"]
[Round "2"]
[White "Vucic, Mladen"]
[Black "Subasic, Ilijas"]
[Result "1/2-1/2"]
[WhiteElo "2367"]
[BlackElo "2275"]

1.d4 Nf6 2.Nf3 g6 3.c4 Bg7 4.g3 O-O 5.Bg2 d6 6.O-O Nc6 7.d5 Na5 8.Nfd2 c5
9.Nc3 a6 10.Qc2 Rb8 11.Rb1 b5 12.b3 e5 13.Bb2 Ng4 14.h3 Nh6 15.e3 Bd7 16.Ba1 Qc7
17.Rfc1 b4 18.Ne2 Nb7 19.Rf1 Rbe8 20.Rbe1 Nd8 21.Kh2 f6 22.Bb2 Ndf7 23.a3 a5
24.axb4 axb4 25.Ra1 Ra8 26.Rxa8 Rxa8 27.Ra1 Rxa1  1/2-1/2

[Event "Pyramiden Franken Cup"]
[Site "Fuerth"]
[Date "1999.08.22"]
[Round "2"]
[White "Hoffmann, Michael"]
[Black "Schatz, Christian"]
[Result "1/2-1/2"]
[WhiteElo "2439"]
[BlackElo "2188"]

1.Nf3 g6 2.c4 Bg7 3.d4 d6 4.g3 Nf6 5.Bg2 O-O 6.Nc3 Nc6 7.d5 Na5 8.b3 c5 9.Bb2 a6
10.Nd2 Rb8 11.Rb1 b5 12.Ba1 Bd7 13.Qc2 bxc4 14.bxc4 Rxb1+ 15.Qxb1 Ng4 16.Qc1 Qb6
17.O-O Rb8 18.h3 Ne5 19.Nd1 f5 20.f4 Nf7 21.Bxg7 Kxg7 22.Nf2 Qb2 23.Nd3 Qxc1
24.Rxc1 Kf6 25.Rc3 Rb6 26.Kf2 e5 27.Ra3 Nb7 28.Nb3 e4 29.Nb2 a5 30.Nd1 a4
31.Nd2 Na5 32.Rc3 Rb4 33.Ke1 Bc8 34.Ne3 Rb2 35.Ra3 Bd7 36.Kd1 g5 37.Kc1 Rb4
38.Rc3 gxf4 39.gxf4 Nh8 40.Bf1 Ng6 41.Ng2  1/2-1/2

[Event "Abu Dhabi Masters op"]
[Site "Abu Dhabi"]
[Date "1999.08.23"]
[Round "3"]
[White "Kaabi, Mejdi"]
[Black "Yurtaev, Leonid"]
[Result "0-1"]
[WhiteElo "2362"]
[BlackElo "2539"]

1.d4 Nf6 2.c4 g6 3.Nf3 Bg7 4.g3 O-O 5.Bg2 d6 6.O-O Nbd7 7.Qc2 e5 8.Rd1 Re8
9.dxe5 dxe5 10.e4 c6 11.h3 Qe7 12.Nc3 h6 13.b3 Nh7 14.a4 Nc5 15.Ba3 a5 16.Rd2 Bf8
17.Re1 Qf6 18.Re3 h5 19.h4 b6 20.Nh2 Bh6 21.Rf3 Qe7 22.Rd1 Nf8 23.Ne2 Nfe6
24.Nf1 Bg7 25.Rfd3 Qc7 26.R3d2 Bb7 27.Bb2 Rad8 28.Bh3 Bc8 29.Rxd8 Rxd8 30.Bxe6 Bxe6
31.Rxd8+ Qxd8 32.Ba3 Bf8 33.Nc1 Bg4 34.Ne3 Bf3 35.Bxc5 Bxc5 36.Qd3 Qd4 37.Qxd4 exd4
38.Ng2 Bxe4 39.Nf4 Ba3 40.Ncd3 Bd6 41.Kf1 Bxf4 42.Nxf4 Bc2 43.Ke2 Bxb3 44.Kd3 c5
45.Nd5 Bxa4 46.Nxb6 Bc6  0-1

[Event "BIH-chT"]
[Site "Bihac"]
[Date "1999.08.23"]
[Round "3"]
[White "Jakovljevic, Vlado"]
[Black "Burovic, Ismet"]
[Result "0-1"]
[WhiteElo "2319"]
[BlackElo "2361"]

1.Nf3 g6 2.c4 Bg7 3.d4 Nf6 4.g3 O-O 5.Bg2 d6 6.Nc3 Nbd7 7.O-O e5 8.e4 c6
9.h3 Qb6 10.c5 dxc5 11.dxe5 Ne8 12.e6 fxe6 13.Ng5 Ne5 14.f4 Nf7 15.Nxf7 Rxf7
16.e5 Bf8 17.Ne4 Bd7 18.Qc2 Rd8 19.Be3 Bc8 20.Nxc5 Bxc5 21.Bxc5 Qc7 22.Be3 Qa5
23.Rad1 Rfd7 24.Rxd7 Rxd7 25.a3 Nc7 26.Qf2 a6 27.g4 Nd5 28.Bd4 Rf7 29.f5 exf5
30.e6 Bxe6 31.gxf5 Rxf5 32.Qe2 Rxf1+ 33.Bxf1 Nf4 34.Qe3 Qf5 35.Qg3 Kf7 36.Be3 Nd5
37.Bd2 Qe4 38.Qf2+ Bf5 39.Bg2 Qb1+ 40.Kh2 Qxb2 41.a4 Qe5+ 42.Kg1 Qa1+ 43.Kh2 Qxa4
44.Bxd5+ cxd5 45.Qb6 Qb5 46.Qc7+ Ke6 47.Qc8+ Kf7 48.Qc7+ Qd7 49.Qe5 Qe6 50.Qc7+ Qe7
51.Qf4 Qe2+ 52.Kg3 Ke6 53.Qb4 Be4 54.Kf4 Qf3+ 55.Kg5 Qg3+ 56.Kh6 Qh4+ 57.Kg7 Qe7+
58.Qxe7+ Kxe7 59.Kxh7 Kd6 60.Kg7 d4  0-1

[Event "ESP-ch"]
[Site "Palencia"]
[Date "1999.08.24"]
[Round "6"]
[White "Izeta Txabarri, Felix"]
[Black "Arizmendi Martinez, Julen Luis"]
[Result "1/2-1/2"]
[WhiteElo "2505"]
[BlackElo "2465"]

1.d4 Nf6 2.Nf3 g6 3.c4 Bg7 4.g3 O-O 5.Bg2 d6 6.O-O Nbd7 7.Nc3 e5 8.h3 Re8
9.e4 exd4 10.Nxd4 a6 11.Rb1 Rb8 12.Re1 c5 13.Nf3 b5 14.Qxd6 b4 15.Nd5 Nxe4
16.Qf4 f5 17.Nd2 Ne5 18.Nxe4 fxe4 19.g4 Nd3 20.Qxb8 Nxe1 21.Bg5 Nf3+ 22.Bxf3 Qxg5
23.Bxe4 Be5 24.f4 Bd4+ 25.Kg2 Qh4 26.Rf1 Bd7 27.Qb7 Bxg4 28.hxg4 Qxg4+ 29.Kh2 Qh4+
30.Kg2 Qg4+ 31.Kh2 Qh4+  1/2-1/2

[Event "FRA-ch (Women)"]
[Site "Bescanon"]
[Date "1999.08.25"]
[Round "8"]
[White "Flear, Christine"]
[Black "Nicoara Etchegaray, Malina"]
[Result "1/2-1/2"]
[WhiteElo "2232"]
[BlackElo "2247"]

1.g3 Nf6 2.Bg2 d6 3.d4 g6 4.c4 Bg7 5.Nf3 O-O 6.O-O Nc6 7.Nc3 Bf5 8.b3 Ne4
9.Nxe4 Bxe4 10.Bb2 d5 11.e3 Re8 12.Bh3 e5 13.cxd5 Qxd5 14.Nxe5 Nxe5 15.dxe5 Bxe5
16.Qxd5 Bxd5 17.Bxe5 Rxe5 18.Rac1 Re7 19.Rfd1 Bf3 20.Rd4 Kf8 21.Bg2 Bxg2
22.Kxg2 Ke8 23.h4  1/2-1/2

[Event "ESP-ch"]
[Site "Palencia"]
[Date "1999.08.25"]
[Round "7"]
[White "Fos Santacreu, Juan Andres"]
[Black "Candela Perez, Jose"]
[Result "0-1"]
[WhiteElo "2255"]
[BlackElo "2417"]

1.Nf3 Nf6 2.c4 g6 3.g3 Bg7 4.Bg2 d6 5.d4 O-O 6.O-O Nc6 7.Nc3 e5 8.d5 Ne7
9.e4 Nd7 10.Be3 h6 11.Nh4 a5 12.Rc1 Nc5 13.a3 Bd7 14.b4 axb4 15.axb4 Na4
16.Nb5 g5 17.Nf3 f5 18.Ra1 Bxb5 19.cxb5 Nc3 20.Rxa8 Qxa8 21.Qc2 Nxb5 22.exf5 Nxf5
23.Bh3 Nxe3 24.fxe3 Qa3 25.Be6+ Kh8 26.Qe2 Nc3 27.Qe1 Qxb4 28.Nd2 Ra8 29.Qf2 Qc5
30.Kg2 Nxd5 31.Ne4 Qc4 32.Nxg5 hxg5 33.Qf7 Nxe3+ 34.Kh3  0-1

[Event "Polanica Zdroj op"]
[Site "Polanica Zdroj"]
[Date "1999.08.25"]
[Round "9"]
[White "Filippov, Valerij"]
[Black "Agamaliev, Gamil"]
[Result "1/2-1/2"]
[WhiteElo "2605"]
[BlackElo "2478"]

1.Nf3 Nf6 2.c4 g6 3.d4 Bg7 4.g3 O-O 5.Bg2 d6 6.Nc3 Nbd7 7.O-O e5 8.e4 exd4
9.Nxd4 Nc5 10.h3 Re8 11.Re1 a5 12.b3 h6 13.Rb1 a4 14.b4 Ne6 15.Nde2 Ng5 16.Nf4 Nd7
17.Bb2 a3 18.Ba1 Ne5 19.Ncd5 h5 20.Rc1 c6 21.Ne3 h4 22.g4 Qf6 23.Nd3 Ngf3+
24.Bxf3 Nxf3+ 25.Kf1 Nd4 26.Nc2 Qf3 27.Nxd4 Qh1+ 28.Ke2 Qxh3 29.Kd2 Bxg4
30.Rh1 Bh6+ 31.Kc3 Bxd1 32.Rxh3 Bxc1 33.Nxc1 Rxe4 34.f3 Re1 35.Kd2 Rg1 36.Rxh4 f6
37.Re4 c5 38.Re1 Rxe1 39.Kxe1 cxd4 40.Kxd1 Rc8 41.Bxd4 Rxc4 42.Bxf6 Rxb4
43.Nd3 Rc4 44.Kd2 Kf7 45.Bc3 g5 46.Bb4 Ke6 47.Kd1 Kf5 48.Kd2 d5 49.Bc5 Rh4
50.Ke3 g4 51.fxg4+ Rxg4 52.Bxa3 Re4+ 53.Kd2 Ra4 54.Bb4 Rxa2+ 55.Kc3 Ra1 56.Kd4 Rd1
57.Bc5 Ke6 58.Bb4 Kd7 59.Bc5 Kc6 60.Ba3 Ra1 61.Bb4 Ra4 62.Kc3 Kb5 63.Kb3 d4
64.Ba3 Ra8 65.Bb2 Rd8 66.Ba1 Kc6 67.Kc4 b5+ 68.Kb3 Kd5 69.Nf4+ Ke5 70.Ne2  1/2-1/2